|
|
|
|
| LEADER |
00983nam a22002177a 4500 |
| 001 |
AAL4012 |
| 003 |
BD-DhAAL |
| 008 |
160222s 1998bg a|||| |||| 001 0 ben d |
| 040 |
|
|
|a BD-DhAAL
|c BD-DhAAL
|
| 082 |
|
|
|2 22
|a 340.59
|
| 100 |
|
|
|a চৌধুরী, আলিমুজ্জামান
|9 18104
|
| 245 |
|
|
|a ইসলামিক জুরিসপ্রুডেন্স ও মুসলিম আইন /
|c আলিমুজ্জামান চৌধুরী
|
| 260 |
|
|
|a ঢাকা :
|b মহানগর ল' বুক সেন্টার,
|c ১৯৯৮
|
| 300 |
|
|
|a ৩৮৯ পৃ. :
|b চিত্র ;
|c ২২ সে.মি.
|
| 500 |
|
|
|a Includes index
|
| 541 |
|
|
|e 4012
|
| 650 |
|
|
|a Islamic law
|9 18105
|
| 852 |
|
|
|a Savar Campus Library
|c General Shelf
|
| 942 |
|
|
|2 ddc
|c BK
|
| 999 |
|
|
|c 36910
|d 36910
|
| 952 |
|
|
|0 0
|1 0
|2 ddc
|4 0
|6 340_590000000000000_CHO
|7 0
|9 58114
|a SCL
|b SCL
|c GEN
|d 2016-02-22
|g 300.00
|l 4
|m 3
|o 340.59 CHO
|p 3020004012
|r 2025-11-15
|s 2025-10-13
|t 1
|w 2016-02-22
|y BK
|